Statistics for Provinces of Poland

Click here to take the quiz!

General Stats

  • This quiz has been taken 1,464 times
  • The average score is 12 of 16

Answer Stats

Answer % Correct
Greater Poland
87%
Lesser Poland
85%
Pomeranian
84%
Silesian
83%
Lublin
81%
Masovian
81%
West Pomeranian
80%
Lódz
79%
Lower Silesian
77%
Opole
77%
Lubusz
76%
Subcarpathian
72%
Warmian-Masurian
72%
Kuyavian-Pomeranian
71%
Podlaskie
70%
Swietokrzyskie
69%

Score Distribution

Percentile by Number Answered

Percent of People with Each Score

Your Score History

You have not taken this quiz